| 000 | 00580nam a2200193Ia 4500 | ||
|---|---|---|---|
| 003 | IN-BaIIA | ||
| 008 | 211028s9999 xx 000 0 eng d | ||
| 040 | _cIIA Library | ||
| 080 |
_a082.2:52 _bIAU-C92 |
||
| 100 |
_aSlettebak, A. _915468 |
||
| 245 | 0 |
_aPhysics of be stars _cA. Slettebak |
|
| 260 |
_aCambridge _bCambridge University Press _c1987 |
||
| 300 | _axvii, 557p. | ||
| 490 | _aIAU Colloquium no. 92 | ||
| 650 |
_aBe stars _99478 |
||
| 650 |
_aBe stars -- congresses _915469 |
||
| 650 |
_aEtoiles be _915470 |
||
| 942 | _cBK | ||
| 999 |
_c9209 _d9209 |
||